000 00205 a2200097 4500
001 49503
100 _aGood child
245 _aMclean remembers
260 _a
_bHodder staughton
_c
090 _c32033
_d32033
942 _aNUST-CAE
_cM
_c24485
999 _c284576
_d284576